| 000 | nam a22 7a 4500 | ||
|---|---|---|---|
| 999 |
_c64672 _d64672 |
||
| 005 | 20220629193323.0 | ||
| 008 | 220629b xxu||||| |||| 00| 0 eng d | ||
| 040 | _aANE | ||
| 041 | _aEs | ||
| 100 | _aRodríguez Caguana, Adriana | ||
| 245 | _aEl derecho a la Educación Intercultural Bilingüe en el Ecuador | ||
| 300 | _a9 p. | ||
| 650 | _aMovimiento Indígena, Educación Intercultural Bilingüe. Estado Plurinacional | ||
| 856 | _uhttp://documentacion.asambleanacional.gob.ec/alfresco/d/d/workspace/SpacesStore/da132d8e-db8c-4805-a403-da69091e8332/El%20derecho%20a%20la%20Educaci%c3%b3n%20Intercultural%20Bilingue%20en%20el%20Ecuador.pdf | ||
| 942 |
_2ddc _cBV _zNr. |
||